<?xml version="1.0" encoding="UTF-8"?>
<record
    xmlns:xsi="http://www.w3.org/2001/XMLSchema-instance"
    xsi:schemaLocation="http://www.loc.gov/MARC21/slim http://www.loc.gov/standards/marcxml/schema/MARC21slim.xsd"
    xmlns="http://www.loc.gov/MARC21/slim">

  <leader>00350nam a22001577a 4500</leader>
  <controlfield tag="003">SGT</controlfield>
  <datafield tag="020" ind1=" " ind2=" ">
    <subfield code="a">978-0-7020-4460-1</subfield>
  </datafield>
  <datafield tag="082" ind1=" " ind2=" ">
    <subfield code="a">616</subfield>
    <subfield code="b">D13S</subfield>
  </datafield>
  <datafield tag="100" ind1=" " ind2=" ">
    <subfield code="a">STRACHAN,MARK.W.J.,ED.</subfield>
  </datafield>
  <datafield tag="245" ind1=" " ind2=" ">
    <subfield code="a">DAVIDSON'S 100 CLINICAL CASES</subfield>
  </datafield>
  <datafield tag="250" ind1=" " ind2=" ">
    <subfield code="a">2ND</subfield>
  </datafield>
  <datafield tag="260" ind1=" " ind2=" ">
    <subfield code="a">NEW YORK</subfield>
    <subfield code="b">ELSEVIER</subfield>
    <subfield code="c">2013</subfield>
  </datafield>
  <datafield tag="300" ind1=" " ind2=" ">
    <subfield code="a">374</subfield>
  </datafield>
  <datafield tag="650" ind1=" " ind2=" ">
    <subfield code="a">AYURVEDA</subfield>
  </datafield>
  <datafield tag="942" ind1=" " ind2=" ">
    <subfield code="2">ddc</subfield>
    <subfield code="c">BK</subfield>
    <subfield code="0">37</subfield>
  </datafield>
  <datafield tag="952" ind1=" " ind2=" ">
    <subfield code="0">0</subfield>
    <subfield code="1">0</subfield>
    <subfield code="2">ddc</subfield>
    <subfield code="4">0</subfield>
    <subfield code="7">0</subfield>
    <subfield code="8">FA</subfield>
    <subfield code="a">APL</subfield>
    <subfield code="b">APL</subfield>
    <subfield code="c">TXT</subfield>
    <subfield code="d">2018-01-31</subfield>
    <subfield code="e">AHUJA PUB</subfield>
    <subfield code="g">960.00</subfield>
    <subfield code="i">SGTU</subfield>
    <subfield code="l">17</subfield>
    <subfield code="o">616 D13S</subfield>
    <subfield code="p">FA8163</subfield>
    <subfield code="r">2026-04-30 00:00:00</subfield>
    <subfield code="s">2026-04-09</subfield>
    <subfield code="w">2018-01-04</subfield>
    <subfield code="y">BK</subfield>
    <subfield code="k">9136</subfield>
  </datafield>
  <datafield tag="952" ind1=" " ind2=" ">
    <subfield code="0">0</subfield>
    <subfield code="1">0</subfield>
    <subfield code="2">ddc</subfield>
    <subfield code="4">0</subfield>
    <subfield code="7">0</subfield>
    <subfield code="8">FA</subfield>
    <subfield code="a">APL</subfield>
    <subfield code="b">APL</subfield>
    <subfield code="c">TXT</subfield>
    <subfield code="d">2018-01-31</subfield>
    <subfield code="e">AHUJA PUB</subfield>
    <subfield code="g">960.00</subfield>
    <subfield code="i">SGTU</subfield>
    <subfield code="l">19</subfield>
    <subfield code="m">1</subfield>
    <subfield code="o">616 D13S</subfield>
    <subfield code="p">FA8164</subfield>
    <subfield code="r">2026-02-25 00:00:00</subfield>
    <subfield code="s">2026-02-11</subfield>
    <subfield code="w">2018-01-04</subfield>
    <subfield code="y">BK</subfield>
    <subfield code="k">9136</subfield>
  </datafield>
  <datafield tag="952" ind1=" " ind2=" ">
    <subfield code="0">0</subfield>
    <subfield code="1">0</subfield>
    <subfield code="2">ddc</subfield>
    <subfield code="4">0</subfield>
    <subfield code="7">0</subfield>
    <subfield code="8">FA</subfield>
    <subfield code="a">APL</subfield>
    <subfield code="b">APL</subfield>
    <subfield code="c">TXT</subfield>
    <subfield code="d">2018-01-31</subfield>
    <subfield code="e">AHUJA PUB</subfield>
    <subfield code="g">960.00</subfield>
    <subfield code="i">SGTU</subfield>
    <subfield code="l">18</subfield>
    <subfield code="o">616 D13S</subfield>
    <subfield code="p">FA8165</subfield>
    <subfield code="q">2026-06-06</subfield>
    <subfield code="r">2026-05-23 11:30:51</subfield>
    <subfield code="s">2026-05-23</subfield>
    <subfield code="w">2018-01-04</subfield>
    <subfield code="y">BK</subfield>
    <subfield code="k">9136</subfield>
  </datafield>
  <datafield tag="952" ind1=" " ind2=" ">
    <subfield code="0">0</subfield>
    <subfield code="1">0</subfield>
    <subfield code="2">ddc</subfield>
    <subfield code="4">0</subfield>
    <subfield code="7">0</subfield>
    <subfield code="8">FA</subfield>
    <subfield code="a">APL</subfield>
    <subfield code="b">APL</subfield>
    <subfield code="c">TXT</subfield>
    <subfield code="d">2018-01-31</subfield>
    <subfield code="e">AHUJA PUB</subfield>
    <subfield code="g">960.00</subfield>
    <subfield code="i">SGTU</subfield>
    <subfield code="l">15</subfield>
    <subfield code="o">616 D13S</subfield>
    <subfield code="p">FA8166</subfield>
    <subfield code="r">2026-03-28 00:00:00</subfield>
    <subfield code="s">2026-03-10</subfield>
    <subfield code="w">2018-01-04</subfield>
    <subfield code="y">BK</subfield>
    <subfield code="k">9136</subfield>
  </datafield>
  <datafield tag="952" ind1=" " ind2=" ">
    <subfield code="0">0</subfield>
    <subfield code="1">0</subfield>
    <subfield code="2">ddc</subfield>
    <subfield code="4">0</subfield>
    <subfield code="7">0</subfield>
    <subfield code="8">FA</subfield>
    <subfield code="a">APL</subfield>
    <subfield code="b">APL</subfield>
    <subfield code="c">TXT</subfield>
    <subfield code="d">2018-01-31</subfield>
    <subfield code="e">AHUJA PUB</subfield>
    <subfield code="g">960.00</subfield>
    <subfield code="i">SGTU</subfield>
    <subfield code="l">0</subfield>
    <subfield code="o">616 D13S</subfield>
    <subfield code="p">FA8167</subfield>
    <subfield code="r">2018-01-31 00:00:00</subfield>
    <subfield code="w">2018-01-04</subfield>
    <subfield code="y">BK</subfield>
    <subfield code="k">9136</subfield>
  </datafield>
  <datafield tag="999" ind1=" " ind2=" ">
    <subfield code="c">14964</subfield>
    <subfield code="d">14964</subfield>
  </datafield>
</record>
